Full leadership development: building the vital forces in organizations (Record no. 1302118)

MARC details
000 -LEADER
fixed length control field 00611nam a2200217Ia 4500
005 - DATE AND TIME OF LATEST TRANSACTION
control field 20250326144035.0
008 - FIXED-LENGTH DATA ELEMENTS--GENERAL INFORMATION
fixed length control field 250326s9999 xx 000 0 und d
020 ## - INTERNATIONAL STANDARD BOOK NUMBER
International Standard Book Number 0-7619-0602-9
037 ## - SOURCE OF ACQUISITION
Stock number Textbook
040 ## - CATALOGING SOURCE
Original cataloging agency FMSL
Language of cataloging eng
Transcribing agency FMSL
041 ## - LANGUAGE CODE
Language code of text/sound track or separate title eng
Source of code eng
084 ## - COLON CLASSIFICATION NUMBER
Classification number X:87 N9
Assigning agency FMSL
100 ## - MAIN ENTRY--PERSONAL NAME
Personal name Avolio B J
9 (RLIN) 748950
245 #0 - TITLE STATEMENT
Title Full leadership development: building the vital forces in organizations
Statement of responsibility, etc. Avolio B J
260 ## - PUBLICATION, DISTRIBUTION, ETC.
Place of publication, distribution, etc. USA
Name of publisher, distributor, etc. USA, Sage
Date of publication, distribution, etc. 1999
300 ## - PHYSICAL DESCRIPTION
Extent 233p
365 ## - TRADE PRICE
Price amount 77314.273979999998
650 ## - SUBJECT ADDED ENTRY--TOPICAL TERM
Topical term or geographic name entry element Development
942 ## - ADDED ENTRY ELEMENTS (KOHA)
Koha item type Textbook
Classification part X:87 N9
Holdings
Withdrawn status Lost status Damaged status Not for loan Home library Current library Date acquired Source of acquisition Cost, normal purchase price Total Checkouts Full call number Barcode Date last seen Price effective from Koha item type
        Faculty of Management Library Faculty of Management Library 2025-03-26 Index International 77314.27   X:87 N9 ML1351449 2025-03-26 2025-03-26 Textbook
Copyright @ Delhi University Library System